logo

Bir Sreshtho Munshi Abdur Rouf Library
Jhenaidah Cadet College

মন ও মনোবিজ্ঞান / (Record no. 13839)

MARC details
000 -LEADER
fixed length control field 00772nam a2200229 a 4500
001 - CONTROL NUMBER
JCCL Control Number 13839
003 - CONTROL NUMBER IDENTIFIER
JCCL marc code BD-JhCC
005 - DATE AND TIME OF LATEST TRANSACTION
control field 20240422093347.0
008 - FIXED-LENGTH DATA ELEMENTS--GENERAL INFORMATION
fixed length control field 201104b1989 bg |||| ||a| 000 0 ben d
035 ## - SYSTEM CONTROL NUMBER
system control number (BD-JhCC)13839
040 ## - CATALOGING SOURCE
Original cataloging agency BD-JhCC
Modifying agency BD-JhCC
041 ## - LANGUAGE CODE
Language code of Book bengali
082 ## - DEWEY DECIMAL CLASSIFICATION NUMBER
Classification number 153
Author mark and Year MON 1989
245 ## - TITLE STATEMENT
Title মন ও মনোবিজ্ঞান /
Statement of responsibility, etc সম্পা: এ খালেক ,এ.ইউ.আহমেদ।
260 ## - PUBLICATION, DISTRIBUTION, ETC. (IMPRINT)
Place of publication, distribution, etc ঢাকা:
Name of publisher, distributor, etc ইউনিভার্সিটি প্রেস লিমিটেড;
Date of publication, distribution, etc 1989.
300 ## - PHYSICAL DESCRIPTION
Pagination 243 p. :
Dimensions 20 cm.
651 ## - SUBJECT ADDED ENTRY--GEOGRAPHIC NAME
Geographic name Cognitive psychology
General subdivision Cognition
Geographic subdivision Cognitive neuroscience
700 ## - ADDED ENTRY--PERSONAL NAME
Personal name খালেক ,এ
700 ## - ADDED ENTRY--PERSONAL NAME
Personal name আহমেদ,এ.ইউ
942 ## - ADDED ENTRY ELEMENTS (KOHA)
Source of classification or shelving scheme Dewey Decimal Classification
Koha item type Books
Koha issues (borrowed), all copies 8
Holdings
Source of classification or shelving scheme Damaged status Not for loan Home library Current library Shelving location Date of accession Source of acquisition Cost, normal purchase price Total Checkouts Full call number Barcode Date last seen Copy number Method of acquisition Koha item type Currency
Dewey Decimal Classification     JCC Rouf Library JCC Rouf Library General Stacks   With The Compliments Of 7th Intake 100.00   153 MON 1989 19174 04/22/2024 C-1 Gift/Donation Books BDT

JCC Library | Contacts | JCC Home

Last Update on 23 September 2017
Copyright @ 2017-2020 JCC Rouf Library
Rouf Library, Jhenidah Cadet College (JCC), Bangladesh